000 00721nam a2200217Ia 4500
001 16011
003 GE_BSU
008 181216s||||||||xx |||||||||||||| ||und||
040 _cGE_BSU
080 _a821.353.1-31
100 _aჯაფარიძე, რევაზ
245 _aმძიმე ჯვარი : რომანი 4 წიგნად. წ. 3 :ძლევის ზარი
245 _cრედ.ლ.თურმანიძე.. მხ.დ.დუნდუა.
260 _aთბილისი
260 _bმერანი
260 _c1979
300 _a504გვ.22სმ
653 _aმძიმე ჯვარი
653 _aძლევის ზარი
942 _cBK
999 _c49104
_d49104